| 000 | 00661aam a2200229 4500 | ||
|---|---|---|---|
| 005 | 20160906144941.0 | ||
| 008 | 150320b xxu||||| |||| 00| 0 spa d | ||
| 041 | _aEspañol | ||
| 082 | _a004.67 R314r | ||
| 245 | _aRedes UMTS: arquitectura, movilidad y servicios | ||
| 260 |
_aMéxico _bAlfaomega _c2006 |
||
| 300 | _a561 páginas | ||
| 650 |
_aREDES DE COMPUTADORES _96512 |
||
| 650 |
_aTECNOLOGÍA GSM _99608 |
||
| 650 |
_aUMTS _99609 |
||
| 650 |
_aARQUITECTURA DE REDES MOVILES _99610 |
||
| 650 |
_aTECNOLOGÍAS DE ACCESO RADIO _99611 |
||
| 650 |
_aRED CENTRAL _99612 |
||
| 650 |
_aSEGURIDAD _9395 |
||
| 650 |
_aPROTOCOLOS DE UMTS _99613 |
||
| 942 | _cBK | ||
| 999 |
_c2152 _d2152 |
||